LIBRARY & INFORMATION CENTRE, KCAET, TAVANUR

ONLINE PUBLIC ACCESS CATALOGUE (OPAC)

First year engineering drawing / (Record no. 1850)

MARC details
000 -LEADER
fixed length control field 00589cam a2200241ua 4500
041 ## - LANGUAGE CODE
Language code of text/sound track or separate title eng
082 ## - DEWEY DECIMAL CLASSIFICATION NUMBER
Classification number 604.2
Item number PAR/FI
100 ## - MAIN ENTRY--AUTHOR NAME
Personal name Parkinson, A.C .
245 ## - TITLE STATEMENT
Title First year engineering drawing /
250 ## - EDITION STATEMENT
Edition statement 6 /
260 ## - PUBLICATION, DISTRIBUTION, ETC. (IMPRINT)
Place of publication London :
Name of publisher The English Language book society ,
Year of publication 1966.
300 ## - PHYSICAL DESCRIPTION
Number of Pages 190 ; .
942 ## - ADDED ENTRY ELEMENTS (KOHA)
Koha item type Books
Holdings
Withdrawn status Lost status Damaged status Home library Current library Date acquired Full call number Accession Number Koha item type
      KAUAET KAUAET 07/04/2012 604.2 9158 Books
      KAUAET KAUAET 07/04/2012 604.2 9161 Books
      KAUAET KAUAET 07/04/2012 604.2 9160 Books
      KAUAET KAUAET 07/04/2012 604.2 9159 Books
Withdrawn     KAUAET KAUAET 07/04/2012 604.2 9162 Books
      KAUAET KAUAET 07/04/2012 604.2 13414 Books
free website counter